Les autoroutes françaises - Carte Quiz - Statistiques

Statistiques générales
  • Ce quiz a été pris 2 020 fois
  • Le résultat moyen est 17 sur 69
Réponses sur la Carte
Les réponses sont colorées sur une échelle allant du rouge au vert en fonction du pourcentage des utilisateurs qui les ont devinées à leur premier essai. Vous pouvez retrouver ces pourcentages ci-dessous.
 
Statistiques - réponses
Réponse % Correct
A6
69%
A1
65%
A7
59%
A10
53%
A8
49%
A4
47%
A9
47%
A11
42%
A86
41%
A5
38%
A20
37%
A89
36%
A71
35%
A75
34%
A13
33%
A2
32%
A64
31%
A40
29%
A16
27%
A3
27%
A31
27%
A43
26%
A26
25%
A29
25%
A39
25%
A62
25%
A14
24%
A15
24%
A28
24%
A36
24%
A19
23%
A35
23%
A41
22%
A61
22%
A63
22%
A77
21%
A12
20%
A65
20%
A68
19%
A42
18%
A51
18%
A66
18%
A84
18%
A46
17%
A83
17%
A85
17%
A38
16%
A48
15%
A49
15%
A54
15%
A72
15%
A79
14%
A33
13%
A47
13%
A50
13%
A52
13%
A57
13%
A81
13%
A87
13%
A34
12%
A55
12%
A21
11%
A25
11%
A82
11%
A30
10%
A88
10%
A22
9%
A23
9%
A27
9%
Aucun quiz correspondant
Distribution des résultats
% des personnes avec chaque résultat
Percentile par nombre de réponses
Votre historique - résultats
Vous n’avez pas pris ce quiz